Provinces of Portugal - Statistics

General Stats
  • This quiz has been taken 295 times
  • The average score is 6 of 11
Answer Stats
Capital Answer % Correct
Faro Algarve
96%
Braga Minho
62%
Castelo Branco Beira Baixa
59%
Evora Alto Alentejo
57%
Viseu Beira Alta
57%
Lisboa Estremadura
57%
Beja Baixo Alentejo
56%
Santarem Ribatejo
55%
Coimbra Beira Litoral
50%
Porto Douro Litoral
44%
Vila Real Tras-Os-Montes e Alto Douro
35%
No matching quizzes found
Score Distribution
Percent of People with Each Score
Percentile by Number Answered
Your Score History
You have not taken this quiz